000 00547cam a2200205 4500
001 D8977
008 090401t1970 xxu||||| |||| 00| 0 eng d
035 _a(Sirsi) u16576
041 _aeng
050 _a621.003
110 _aStandard Method of Measurement
_93245
245 _aStandard method of measurement for mechanical construction works
260 _aDarlington
_bSM Publications
_c1970
300 _a25p. 30cm
350 _a1
650 _aENGINEERING SERVICES
650 _aMECHANICAL SERVICES
942 _n0
948 _c04/03/1997
999 _c87435
_d87435